Техническая термодинамика и теплопередача: курс лекций

Библиографические подробности
Главный автор: Карминский В. Д. Валерий Давыдович
Примечания:Курс лекций предназначен для нетеплотехнических специальностей железнодорожных вузов в соответствии с программой курса «Техническая термодинамика и теплопередача». Изложены основные законы термодинамики, термодинамические процессы, циклы тепловых двигателей и холодильных установок, основы учения о теплообмене. Рассматриваются процессы теплопроводности, конвективного теплообмена, теплообмена излучения, а также теплообмена при фазовых превращениях. Приводятся достаточно подробные математические преобразования, имеется необходимый иллюстративный материал. Курс лекций предназначен для студентов железнодорожных вузов дневного, вечернего и заочного обучения. Может быть полезен инженерам и техническим работникам.
Язык:русский
Опубликовано: Москва, Маршрут, 2005
Серии:Высшее профессиональное образование
Предметы:
Формат: Книга
Запись в KOHA:https://koha.lib.tpu.ru/cgi-bin/koha/opac-detail.pl?biblionumber=109583

MARC

LEADER 00000nam0a2200000 4500
001 109583
005 20231031120108.0
010 |a 5890352024 
035 |a (RuTPU)RU\TPU\book\118336 
090 |a 109583 
100 |a 20070209d2005 m y0rusy50 ca 
101 0 |a rus 
102 |a RU 
105 |a y j 001zy 
200 1 |a Техническая термодинамика и теплопередача  |e курс лекций  |f В. Д. Карминский 
210 |a Москва  |c Маршрут  |d 2005 
215 |a 224 с. 
225 1 |a Высшее профессиональное образование 
320 |a Библиогр.: с. 219. 
330 |a Курс лекций предназначен для нетеплотехнических специальностей железнодорожных вузов в соответствии с программой курса «Техническая термодинамика и теплопередача». Изложены основные законы термодинамики, термодинамические процессы, циклы тепловых двигателей и холодильных установок, основы учения о теплообмене. Рассматриваются процессы теплопроводности, конвективного теплообмена, теплообмена излучения, а также теплообмена при фазовых превращениях. Приводятся достаточно подробные математические преобразования, имеется необходимый иллюстративный материал. Курс лекций предназначен для студентов железнодорожных вузов дневного, вечернего и заочного обучения. Может быть полезен инженерам и техническим работникам. 
610 1 |a техническая термодинамика 
610 1 |a понятия 
610 1 |a определения 
610 1 |a первый закон термодинамики 
610 1 |a второй закон термодинамики 
610 1 |a реальные газы 
610 1 |a пар 
610 1 |a течение 
610 1 |a теплосиловые циклы 
610 1 |a холодильные установки 
610 1 |a криогенные установки 
610 1 |a циклы 
610 1 |a химическая термодинамика 
610 1 |a теплопередача 
610 1 |a теплопроводность 
610 1 |a конвективный теплообмен 
610 1 |a теплообмен излучением 
610 1 |a теплообменные аппараты 
610 1 |a лекции 
610 1 |a учебные пособия 
675 |a 621.1.016.7(075.8)  |v 3 
675 |a 536.24(075.8)  |v 3 
700 1 |a Карминский  |b В. Д.  |g Валерий Давыдович 
801 1 |a RU  |b 63413507  |c 20070209  |g PSBO 
801 2 |a RU  |b 63413507  |c 20070504  |g PSBO 
942 |c BK 
959 |a 10/20070129  |d 2  |e 294,00  |f ЧЗТЛ:2